000 01600cam a2200373 i 4500
001 200468085
003 TR-AnTOB
005 20260413161108.0
007 ta
008 260413s1955 nyu 000 1 eng
010 _a 2025292649
035 _a24011143
035 _a(DLC)24011143
035 _a(TR-AnTOB)200468085
040 _aDLC
_beng
_erda
_cDLC
_dDLC
_dDLC-MRC
_dTR-AnTOB
041 0 _aeng
043 _an-us---
_0http://id.loc.gov/authorities/names/n78095330
050 0 0 _aPS3545.O98
_bM3 1955
090 _aPS3545.O98
_bM3 1955
100 1 _aWouk, Herman,
_d1915-2019
_eauthor
_4aut
_4http://id.loc.gov/vocabulary/relators/aut
_0http://id.loc.gov/authorities/names/n79032317
_9153616
245 1 0 _aMarjorie Morningstar /
_ca novel by Herman Wouk.
264 1 _aGarden City, New York :
_bDoubleday & Company, Inc,,
_c1955.
300 _a565 pages ;
_c22 cm
336 _atext
_btxt
_2rdacontent
_0http://id.loc.gov/vocabulary/contentTypes/txt
337 _aunmediated
_bn
_2rdamedia
_0http://id.loc.gov/vocabulary/mediaTypes/n
338 _avolume
_bnc
_2rdacarrier
_0http://id.loc.gov/vocabulary/carriers/nc
500 _aA novel.
650 0 _aJews
_zUnited States
_vFiction
_0http://id.loc.gov/authorities/subjects/sh2008106074
_9153617
650 0 _aJewish women
_vFiction
_0http://id.loc.gov/authorities/subjects/sh2008106073
_9153085
655 7 _aFiction
_2lcgft
_0http://id.loc.gov/authorities/genreForms/gf2014026339
_9151487
655 7 _aPsychological fiction
_2lcgft
_0http://id.loc.gov/authorities/genreForms/gf2014026492
_95034
942 _2lcc
_cBK
999 _c200468085
_d86297